Normal view
MARC view
Entry Personal Name
001 - CONTROL NUMBER
- control field: 1236714
003 - CONTROL NUMBER IDENTIFIER
- control field: OSt
005 - DATE AND TIME OF LATEST TRANSACTION
- control field: 20260430150200.0
008 - FIXED-LENGTH DATA ELEMENTS
- fixed length control field: 260430|| aca||aabn | a|a d
040 ## - CATALOGING SOURCE
- Original cataloging agency: OSt
- Transcribing agency: OSt
100 ## - HEADING--PERSONAL NAME
- Personal name: University of Delhi. Science Faculty. Department of Home Science
670 ## - SOURCE DATA FOUND
- Source citation: Work cat.: (OSt)1849152: Arora Beena Au.; Siddhu Anupa Gu.; Peters Atul N. Gu. 1236713, Nutritional profile quality of life in patients undergoing different bariatric surgery procedures, 2021
